[Event "Geneva WGP 2013"]
[Site "Geneva SUI"]
[Date "2013.05.03"]
[Round "1.3"]
[White "Dzagnidze, Nana"]
[Black "Kosteniuk, Alexandra"]
[Result "1/2-1/2"]
[WhiteTitle "GM"]
[BlackTitle "GM"]
[WhiteElo "2545"]
[BlackElo "2491"]
[WhiteFideId "13601903"]
[BlackFideId "4128125"]
[EventDate "2013.05.03"]

1. d4 d5 2. c4 e6 3. Nc3 Be7 4. cxd5 exd5 5. Bf4 c6 6. e3 Bf5 7. g4 Be6 8. h4
Nd7 9. g5 h6 10. g6 Ngf6 11. gxf7+ Bxf7 12. Bd3 Qa5 13. Ne2 Ne4 14. Qb3 b5 15.
Qc2 Ndf6 16. Rg1 Nxc3 17. bxc3 Kf8 18. Be5 Rg8 19. Nf4 Ne4 20. Bxe4 dxe4 21.
Ng6+ Ke8 22. Nxe7 Kxe7 23. Bxg7 Bd5 24. Rg3 b4 25. cxb4 Qxb4+ 26. Qd2 Qxd2+ 27.
Kxd2 Rab8 28. Kc3 h5 29. Rg5 Rb5 30. Be5 Rxg5 31. hxg5 Kf7 32. a4 Rb3+ 33. Kc2
Kg6 34. Bf4 Rd3 35. Rb1 Ra3 36. Rb8 Rxa4 37. Rh8 Ra2+ 38. Kc3 Rxf2 39. Rh6+ Kf5
40. Rxh5 a5 41. Rh8 Ra2 42. Rf8+ Kg6 43. Rf6+ Kh5 44. Rh6+ Kg4 45. g6 Ra3+ 46.
Kb2 Ra2+ 47. Kc3 Ra3+ 48. Kb2 Ra2+ 49. Kc3 1/2-1/2

[Event "Geneva WGP 2013"]
[Site "Geneva SUI"]
[Date "2013.05.11"]
[Round "8.5"]
[White "Kosintseva, Tatiana"]
[Black "Girya, Olga"]
[Result "1-0"]
[WhiteTitle "GM"]
[BlackTitle "WGM"]
[WhiteElo "2517"]
[BlackElo "2463"]
[WhiteFideId "4133471"]
[BlackFideId "4195752"]
[EventDate "2013.05.03"]

1. e4 c6 2. d4 d5 3. e5 c5 4. c3 Nc6 5. Nf3 Bg4 6. dxc5 e6 7. Be3 Bxf3 8. Qxf3
Nxe5 9. Bb5+ Nc6 10. O-O Ne7 11. Rd1 a6 12. Ba4 Nf5 13. c4 Qa5 14. cxd5 Qxa4 15.
Nc3 Ne5 16. Nxa4 Nxf3+ 17. gxf3 exd5 18. Rxd5 Ne7 19. Rd3 Nc6 20. Nb6 Rd8 21.
Rxd8+ Nxd8 22. Rd1 Be7 23. Rd7 Bf6 24. b4 O-O 25. Nc4 Bc3 26. a3 f5 27. Nd6 Nc6
28. f4 g5 29. Rxb7 gxf4 30. Bxf4 Bg7 31. a4 Nd4 32. Rxg7+ Kxg7 33. Be5+ 1-0